Mark Hughes v the First Secretary of State and South Bedfordshire District Council (Record no. 77413)
[ view plain ]
| 000 -LEADER | |
|---|---|
| fixed length control field | 01891cab a2200193 4500 |
| 001 - CONTROL NUMBER | |
| control field | ##L134219 |
| 008 - FIXED-LENGTH DATA ELEMENTS--GENERAL INFORMATION | |
| fixed length control field | 060718n2006 000 0 eng u |
| 035 ## - SYSTEM CONTROL NUMBER | |
| System control number | (Sirsi) u134219 |
| 041 0# - LANGUAGE CODE | |
| Language code of text/sound track or separate title | eng |
| 245 00 - TITLE STATEMENT | |
| Title | Mark Hughes v the First Secretary of State and South Bedfordshire District Council |
| 260 ## - PUBLICATION, DISTRIBUTION, ETC. | |
| Date of publication, distribution, etc. | 2006 |
| 520 ## - SUMMARY, ETC. | |
| Summary, etc. | [2006] EWCA Civ 838, 23 June 2006. Concerns planning permission for a gypsy caravan site in a green belt. Appeal by S against the quashing of his decision not to grant planning permission in respect of land in a green belt on which gypsies were living in breach of planning control. SoS had dismissed his inspector's recommendation of temporary retrospective planning permission be granted to H on the basis of lack of alternative available sites for H to live on and the disruption of the gypsy families' healthcare and their children's education. SoS concluded that the children's educational needs did not amount to the existence of very special circumstances which would justify the granting of permission. SoS submitted that the judge had erred on ruling in H's favour on appeal. SoS in his decision letter had attached less weight to the adverse effects of moving on the children's education when reaching his decision than the inspector. "Held": appeal allowed. Planning permission had been properly refused because planning considerations reflecting the interests of the community as a whole outweighed the families' interests, in particular the educational requirements of their children. |
| 590 ## - LOCAL NOTE (RLIN) | |
| Local note | IKA180706 |
| 650 24 - SUBJECT ADDED ENTRY--TOPICAL TERM | |
| Topical term or geographic name entry element | HUGHES V FIRST SOS AND ANOTHER |
| 651 #4 - SUBJECT ADDED ENTRY--GEOGRAPHIC NAME | |
| Geographic name | England and Wales |
| Chronological subdivision | 1543- |
| 690 ## - LOCAL SUBJECT ADDED ENTRY--TOPICAL TERM (OCLC, RLIN) | |
| Topical term or geographic name as entry element | ENVIRONMENTAL AND LAND CONSULTANCY-PLANNING AND DEVELOPMENT-DEVELOPMENT CONTROL-PLANNING ENFORCEMENT |
| 856 40 - ELECTRONIC LOCATION AND ACCESS | |
| Uniform Resource Identifier | <a href="https://www.bailii.org/ew/cases/EWCA/Civ/2006/838.html">https://www.bailii.org/ew/cases/EWCA/Civ/2006/838.html</a> |
| Public note | View the judgment free of charge at www.bailii.org... |
| 942 ## - ADDED ENTRY ELEMENTS (KOHA) | |
| Suppress in OPAC | 0 |
| Withdrawn status | Lost status | Source of classification or shelving scheme | Damaged status | Not for loan | Home library | Current library | Shelving location | Date acquired | Total Checkouts | Full call number | Barcode | Date last seen | Copy number | Price effective from | Koha item type |
|---|---|---|---|---|---|---|---|---|---|---|---|---|---|---|---|
| Dewey Decimal Classification | Virtual | Virtual | Online | 18/07/2006 | ONLINE PUBLICATION | 134219-2001 | 06/08/2019 | 1 | 06/08/2019 | Law report |